000 00437pab a2200181 454500
008 180718b2009 xxu||||| |||| 00| 0 eng d
100 _aTandon, B.B.
245 _aBusiness schools and entrepreneurship
260 _c2009
300 _ap.7-15, 20.
362 _a23 Nov
650 _aEntrepreneurs
650 _aManagement education
700 _aAngrish, Anil Kumar
773 _aUniversity News
908 _aN
909 _a84829
999 _c84829
_d84829